000 01256nam2a2200361 4500
001 v19\rc\1761429
005 20250619064622.0
035 _a(NLR Aleph) 004861823
090 _a5018332
_c5018332
100 _a20061204d1906 |||y0rusy50 ca
101 0 _arus
102 _aRU
105 _ay z |||||
200 0 _aТ. 2
210 _d1906
_aБ. м.
215 _a[4], 327 с.
327 1 _aСодерж.: Поединок; С улицы
461 0 _1001v19\rc\1761427
_12001#$aРассказы$fА. Куприн$vТ. 2
_1700#1$aКуприн$bА. И.$f1870-1938$cписатель$3RU\NLR\AUTH\775766$gАлександр Иванович
_95018314
_aКуприн, А. И. (писатель ; 1870-1938)
_cСанкт-Петербург
_d1903
_fА. Куприн
_nЗнание
_tРассказы
_vТ. 2
540 1 _aПоединок
801 0 _aRU
_bNLR
_gpsbo
801 0 _aRU
_bRuMoRGB
_2psbo
801 1 _aRU
_bProSoft-M
_2rusmarc
852 _aNLR
_j37.46.5.92(2)
852 _aNLR
_j130/9005
899 _aRuMoRGB
_jA 181/110
899 _aRuMoRGB
_jJ 49/169
899 _aRuMoRGB
_jРб 10/576
899 _aБАН
899 _aГПИБ
899 _aНБ МГУ
942 _cBOOK
980 _aNB